<?xml version="1.0" encoding="UTF-8"?>
<record
    xmlns:xsi="http://www.w3.org/2001/XMLSchema-instance"
    xsi:schemaLocation="http://www.loc.gov/MARC21/slim http://www.loc.gov/standards/marcxml/schema/MARC21slim.xsd"
    xmlns="http://www.loc.gov/MARC21/slim">

  <leader>01312nam a2200301 a 4500</leader>
  <controlfield tag="001">C01444595c-4</controlfield>
  <controlfield tag="003">CO-ViMGA</controlfield>
  <controlfield tag="005">20230915233125.0</controlfield>
  <controlfield tag="008">140929s2013    sp a   gr     00011 spa d</controlfield>
  <datafield tag="020" ind1=" " ind2=" ">
    <subfield code="z">9788434240384</subfield>
  </datafield>
  <datafield tag="040" ind1=" " ind2=" ">
    <subfield code="a">CO-ViMGA</subfield>
    <subfield code="b">spa</subfield>
    <subfield code="c">CO-ViMGA</subfield>
  </datafield>
  <datafield tag="082" ind1="0" ind2="4">
    <subfield code="a">I030 </subfield>
    <subfield code="b">C65e </subfield>
    <subfield code="2">19</subfield>
  </datafield>
  <datafield tag="100" ind1="1" ind2=" ">
    <subfield code="a">Conangla, Maria Merc&#xE8;.</subfield>
    <subfield code="9">2627</subfield>
  </datafield>
  <datafield tag="245" ind1="1" ind2="0">
    <subfield code="a">Energ&#xED;as y relaciones para crecer : </subfield>
    <subfield code="b">un planteamiento creativo para gestionar las emociones / </subfield>
    <subfield code="c">Maria Merce Conangla, Jaume Soler ; ilustraciones Paloma Valdivia.</subfield>
  </datafield>
  <datafield tag="250" ind1=" " ind2=" ">
    <subfield code="a">Edici&#xF3;n Cristina Vilella.</subfield>
  </datafield>
  <datafield tag="260" ind1=" " ind2=" ">
    <subfield code="a">Badalona : </subfield>
    <subfield code="b">Parram&#xF3;n Paidotribo, </subfield>
    <subfield code="c">2013.</subfield>
  </datafield>
  <datafield tag="300" ind1=" " ind2=" ">
    <subfield code="a">63 p&#xE1;ginas : </subfield>
    <subfield code="b">ilustraciones ; </subfield>
    <subfield code="c">25 cm.</subfield>
  </datafield>
  <datafield tag="490" ind1="1" ind2=" ">
    <subfield code="a">Ecolog&#xED;a emocional</subfield>
  </datafield>
  <datafield tag="650" ind1="1" ind2="4">
    <subfield code="a">Emociones</subfield>
    <subfield code="v"> Preguntas y respuestas</subfield>
    <subfield code="x"> Literatura infantil.</subfield>
    <subfield code="9">2630</subfield>
  </datafield>
  <datafield tag="650" ind1="1" ind2="4">
    <subfield code="a">Energ&#xED;a</subfield>
    <subfield code="v"> Preguntas y respuestas</subfield>
    <subfield code="x"> Literatura infantil.</subfield>
    <subfield code="9">2629</subfield>
  </datafield>
  <datafield tag="650" ind1="1" ind2="4">
    <subfield code="a">Paz</subfield>
    <subfield code="v"> Preguntas y respuestas</subfield>
    <subfield code="x"> Literatura infantil.</subfield>
    <subfield code="9">2631</subfield>
  </datafield>
  <datafield tag="650" ind1="1" ind2="4">
    <subfield code="a">Protecci&#xF3;n del medio ambiente</subfield>
    <subfield code="v"> Preguntas y respuestas</subfield>
    <subfield code="x"> Literatura infantil.</subfield>
    <subfield code="9">2632</subfield>
  </datafield>
  <datafield tag="650" ind1="1" ind2="4">
    <subfield code="a">Recursos energ&#xE9;ticos renovables</subfield>
    <subfield code="v"> Preguntas y respuestas</subfield>
    <subfield code="x"> Literatura infantil.</subfield>
    <subfield code="9">2628</subfield>
  </datafield>
  <datafield tag="700" ind1="1" ind2=" ">
    <subfield code="a">Soler, Jaume.</subfield>
    <subfield code="9">2633</subfield>
  </datafield>
  <datafield tag="700" ind1="1" ind2=" ">
    <subfield code="a">Valdivia, Paloma, </subfield>
    <subfield code="e">ilustradora.</subfield>
    <subfield code="9">2634</subfield>
  </datafield>
  <datafield tag="700" ind1="1" ind2=" ">
    <subfield code="a">Vilella, Cristina, </subfield>
    <subfield code="e">editora.</subfield>
    <subfield code="9">2635</subfield>
  </datafield>
  <datafield tag="942" ind1=" " ind2=" ">
    <subfield code="2">ddc</subfield>
    <subfield code="c">BK</subfield>
  </datafield>
  <datafield tag="999" ind1=" " ind2=" ">
    <subfield code="c">35325</subfield>
    <subfield code="d">35325</subfield>
  </datafield>
  <datafield tag="952" ind1=" " ind2=" ">
    <subfield code="0">0</subfield>
    <subfield code="1">0</subfield>
    <subfield code="2">ddc</subfield>
    <subfield code="4">0</subfield>
    <subfield code="7">0</subfield>
    <subfield code="8">003</subfield>
    <subfield code="a">MEVIECAR</subfield>
    <subfield code="b">MEVIECAR</subfield>
    <subfield code="d">2016-03-01</subfield>
    <subfield code="l">0</subfield>
    <subfield code="o">I030 C65e</subfield>
    <subfield code="p">29758</subfield>
    <subfield code="r">2016-03-01 00:00:00</subfield>
    <subfield code="t">Ej. 1</subfield>
    <subfield code="w">2016-03-01</subfield>
    <subfield code="y">BK</subfield>
  </datafield>
</record>
